[Event "WJCC U20 Open 2019"]
[Site "New Delhi"]
[Date "2019.10.23"]
[Round "9.35"]
[White "Vykouk, Jan"]
[Black "Papadiamandis, Elliot"]
[Result "1-0"]
[WhiteElo "2468"]
[BlackElo "2190"]
[Annotator "TA"]
[PlyCount "91"]
[EventDate "2019.10.15"]
[EventType "swiss"]
[EventCountry "IND"]
[SourceTitle "playchess.com"]
[Source "ChessBase"]
[SourceQuality "1"]

{[%evp 27,91,18,25,21,33,35,26,27,30,0,65,92,70,-30,127,131,120,118,211,201,212,204,222,210,208,208,193,195,305,298,303,294,299,292,295,297,314,207,373,382,388,368,404,356,418,368,367,371,482,456,506,492,640,635,650,634,580,370,385,349,356,358,360,310,1608,1571]} 1. e4 c5 2. Nf3 d6 3. d4 cxd4 4. Nxd4 Nf6 5. Nc3 a6 6. Be3 e5 7. Nb3 Be7 8. f3 Be6 9. Qd2 O-O 10. O-O-O Nbd7 11. g4 b5 12. g5 b4 13. Ne2 Ne8 14. f4 a5 15. f5 {B90: Sicilian Najdorf: Unusual White 6th moves, 6 Be3 Ng4 and 6 Be3 e5} a4 16. fxe6 axb3 17. cxb3 {White has an edge.} ({But not} 17. exd7 $2 bxa2 18. Qd5 a1=Q+ $19) (17. exf7+ Rxf7 18. Kb1 bxc2+ 19. Qxc2 Bxg5 20. Bxg5 Qxg5 21. Ng3 Kh8 22. Bc4 Rf8 {1-0 (40) Duda,J (2678)-Wojtaszek,R (2746) Germany 2017}) 17... fxe6 18. Kb1 (18. Bh3 $5 {[%cal Rh3e6]}) 18... Qa5 (18... Rxa2 $1 $11 19. Bh3 (19. Kxa2 Qa8+ {[%mdl 64] Double Attack} 20. Kb1 Qxe4+ 21. Qd3 Qxh1 $15) 19... Qa5 20. Bxe6+ {[%mdl 64] Double Attack} Kh8) 19. Nc1 $14 Nc7 20. h4 $146 (20. Qg2 $14) ({Predecessor:} 20. Bc4 Nb6 21. Rhf1 Rxf1 22. Rxf1 Nxc4 23. bxc4 {1-0 (85) Cvek,R (2498)-Kalod,R (2502) Brno 2006}) 20... d5 $2 ({Better is} 20... Nc5 $1 $11) 21. exd5 $16 exd5 {[#]} 22. Bg2 $1 e4 {[#]} (22... Rfd8 $16 {was necessary.}) 23. Bxe4 $1 $18 {[%mdl 512]} dxe4 24. Qxd7 Rf7 25. Qc6 {And now Rd7 would win.} Bf8 26. Rd7 Rxd7 27. Qxd7 {Rf1 is the strong threat.} Qe5 (27... Re8 {was called for.} 28. Rd1 (28. Rf1 Re7 $16) 28... Re7) 28. Rf1 {Intending Qf7+ and mate.} Qe7 29. Qxe7 Bxe7 30. Rf4 Nd5 31. Rxe4 Kf7 32. Nd3 Bd6 $2 (32... Nxe3 33. Rxe3 Bd6 34. Ne5+ Kg8) 33. Bc5 Bxc5 34. Nxc5 {[%mdl 4096] Endgame KRN-KRN} Kg6 35. Nd3 Rf8 36. Rd4 Ne3 37. Rxb4 Rf1+ 38. Nc1 Kh5 39. a4 {[%cal Ba2a4,Ba4a5,Ba5a6,Ba6a7][%mdl 32]} Nf5 40. a5 Nxh4 41. a6 {Strongly threatening a7.} Rf8 42. a7 Ra8 43. Rb7 Nf5 44. Rd7 Kxg5 45. b4 {aiming for b5.} h5 $2 (45... Nd6 46. Nd3 h5 47. Rxd6 Rxa7 48. Rd5+ Kh4) 46. b5 {Accuracy: White = 70%, Black = 26%.} 1-0

[Event "WJCC U20 Open 2019"]
[Site "New Delhi"]
[Date "2019.10.23"]
[Round "9.36"]
[White "Cansun, Can Alp"]
[Black "Amartuvshin, Ganzorig"]
[Result "1-0"]
[WhiteElo "2199"]
[BlackElo "2391"]
[Annotator "TA"]
[PlyCount "69"]
[EventDate "2019.10.15"]
[EventType "swiss"]
[EventCountry "IND"]
[SourceTitle "playchess.com"]
[Source "ChessBase"]
[SourceQuality "1"]

{[%evp 22,69,2,0,9,1,35,25,77,77,82,68,125,111,342,301,465,437,416,343,352,352,361,322,1672,1655,1682,1697,1535,1556,1569,1409,2343,1661,1520,1540,1176,967,874,661,630,623,779,771,752,734,29986,29983,29987,29981]} 1. e4 c5 2. Nf3 e6 3. d4 cxd4 4. Nxd4 Nc6 5. Nc3 Qc7 6. g3 a6 7. Bg2 d6 8. O-O Bd7 9. Re1 Be7 10. Nxc6 Bxc6 11. Qg4 h5 12. Qe2 Nf6 {B47: Sicilian: Taimanov: 5 Nc3 Qc7 6 f4, 6 g3 and 6 Be2} 13. h3 {[#]} h4 $146 ({Predecessor:} 13... Rc8 14. a4 g6 15. a5 O-O 16. Be3 Rfe8 17. Bb6 Qb8 18. Bd4 e5 19. Be3 Bf8 20. Red1 {1-0 (93) Gonzalez Perez,A (2452)-Cordova,E (2584) Barbera del Valles 2012}) 14. g4 $1 O-O-O (14... O-O $11) 15. a4 $16 Kb8 16. g5 Nh5 (16... Nh7 $14) 17. Be3 e5 $2 (17... Rc8 $16 {was worth a try.}) 18. b4 $18 Rc8 (18... d5 {keeps fighting.}) 19. b5 Qa5 20. bxc6 Qxc3 21. cxb7 Rc6 22. Rab1 {[%cal Ba1b1,Bb1b7,Bb7c7][%mdl 32] Black must now prevent Bb6.} Qxc2 $2 {[#]} (22... Nf4 23. Bxf4 exf4) 23. Qxh5 $1 {[%mdl 576] Promotion} Rxh5 {[#]} 24. Ba7+ $1 {[%mdl 512]} Kc7 (24... Kxa7 25. b8=Q#) 25. b8=Q+ Kd7 26. Rb7+ Ke6 {[#]} 27. Qe8 $1 {[%csl Ge8][%cal Rb7e7]} Rc7 28. Rxc7 Qxc7 29. Be3 {Bf3 would kill now.} Qd8 30. Qxd8 Bxd8 31. Bf3 Rh8 32. Bg4+ Ke7 33. Rb1 d5 34. Bc5+ Ke8 35. exd5 {Accuracy: White = 81%, Black = 23%.} 1-0

[Event "WJCC U20 Open 2019"]
[Site "New Delhi"]
[Date "2019.10.23"]
[Round "9.37"]
[White "Kukelko, Alexey"]
[Black "Licheli, Luka"]
[Result "0-1"]
[WhiteElo "2342"]
[BlackElo "2010"]
[Annotator "RC"]
[PlyCount "134"]
[EventDate "2019.10.15"]
[EventType "swiss"]
[EventCountry "IND"]
[SourceTitle "playchess.com"]
[Source "ChessBase"]
[SourceQuality "1"]
[TimeControl "40/5400+30:1800+30"]

1. e4 {[%emt 0:00:00]} c6 {[%emt 0:00:00]} 2. d4 {[%emt 0:00:00]} d5 {[%emt 0:00:00]} 3. e5 {[%emt 0:00:00]} c5 {[%emt 0:00:00]} 4. dxc5 {[%emt 0:00:01]} Nc6 {[%emt 0:00:00]} 5. a3 {[%emt 0:00:10]} Nxe5 {[%emt 0:05:02]} 6. Bb5+ {[%emt 0:00:19]} Nc6 {[%emt 0:08:12]} 7. b4 {[%emt 0:00:12]} Nf6 {[%emt 0:11:33]} 8. Bb2 {[%emt 0:01:07]} g6 {[%emt 0:03:03]} 9. c4 {[%emt 0:09:26]} Be6 {[%emt 0:09:34]} 10. Nf3 {[%emt 0:00:47]} a6 {[%emt 0:11:03]} 11. Ba4 {[%emt 0:28:16]} dxc4 {[%emt 0:07:46]} 12. Nbd2 {[%emt 0:00:12]} Bh6 {[%emt 0:12:49]} 13. Qe2 {[%emt 0:20:23]} Qd3 {[%emt 0:01:36]} 14. Qxd3 {[%emt 0:01:18]} cxd3 {[%emt 0:00:01]} 15. Bxf6 {[%emt 0:00:07]} exf6 {[%emt 0:00:12]} 16. Ne4 {[%emt 0:00:03]} O-O-O {[%emt 0:01:21]} 17. O-O {[%emt 0:11:59]} Kc7 {[%emt 0:04:25]} 18. Rfe1 {[%emt 0:13:36]} Ne5 {[%emt 0:08:56]} 19. Nd6 {[%emt 0:04:39]} Nxf3+ {[%emt 0:08:32]} 20. gxf3 {[%emt 0:00:01]} b5 {[%emt 0:00:22]} 21. Bd1 {[%emt 0:01:06]} Bd2 {[%emt 0:00:22]} 22. Re4 {[%emt 0:02:11]} f5 {[%emt 0:01:08]} 23. Rxe6 {[%emt 0:00:26]} fxe6 {[%emt 0:00:01]} 24. Nf7 {[%emt 0:00:05]} Rhf8 {[%emt 0:01:45]} 25. Nxd8 {[%emt 0:00:04]} Rxd8 {[%emt 0:00:02]} 26. Rb1 {[%emt 0:02:53]} Rd4 {[%emt 0:00:58]} 27. Bb3 {[%emt 0:00:17]} e5 {[%emt 0:01:55]} 28. Bg8 {[%emt 0:00:07]} Rd7 {[%emt 0:00:49]} 29. Kg2 {[%emt 0:01:06]} Bc3 {[%emt 0:00:28]} 30. Bb3 {[%emt 0:00:52]} Kc6 {[%emt 0:00:33]} 31. Bd1 {[%emt 0:01:15]} Rd4 {[%emt 0:00:38]} 32. Bb3 {[%emt 0:00:37]} a5 {[%emt 0:00:52]} 33. bxa5 {[%emt 0:00:05]} Bxa5 {[%emt 0:00:16]} 34. Bg8 {[%emt 0:00:20]} d2 {[%emt 0:01:13]} 35. Rd1 {[%emt 0:00:19]} Rd7 {[%emt 0:00:27]} 36. Kf1 {[%emt 0:00:13]} Kxc5 {[%emt 0:00:20]} 37. Ke2 {[%emt 0:00:01]} Bc3 {[%emt 0:00:42]} 38. Rb1 {[%emt 0:00:52]} Rg7 {[%emt 0:00:36]} 39. Rb3 {[%emt 0:00:32]} Ba5 {[%emt 0:01:07]} 40. Be6 {[%emt 0:00:02]} Re7 {[%emt 0:00:40]} 41. Bg8 {[%emt 0:30:22]} h6 {[%emt 0:16:28]} 42. Re3 {[%emt 0:00:00]} h5 {[%emt 0:06:29]} 43. Bb3 {[%emt 0:00:00]} Kb6 {[%emt 0:04:55]} 44. h4 {[%emt 0:00:00]} Rd7 {[%emt 0:01:37]} 45. Rd3 {[%emt 0:00:00]} Rxd3 {[%emt 0:03:02]} 46. Kxd3 {[%emt 0:00:00]} Kc5 {[%emt 0:00:16]} 47. Kc2 {[%emt 0:00:00]} Bd8 {[%emt 0:00:17]} 48. Bf7 {[%emt 0:00:00]} g5 {[%emt 0:00:05]} 49. Kxd2 {[%emt 0:00:23]} gxh4 50. Ke2 Be7 {[%emt 0:01:52]} 51. Bxh5 {[%emt 0:06:01]} f4 {[%emt 0:00:12]} 52. Be8 {[%emt 0:00:55]} Kb6 {[%emt 0:00:09]} 53. a4 {[%emt 0:00:04]} b4 {[%emt 0:00:04]} 54. Bd7 {[%emt 0:00:19]} b3 {[%emt 0:01:36]} 55. Kd3 {[%emt 0:00:56]} Bb4 {[%emt 0:00:06]} 56. Be6 {[%emt 0:02:16]} Kc5 {[%emt 0:00:17]} 57. Bf5 {[%emt 0:00:41]} Be1 {[%emt 0:00:33]} 58. Ke2 {[%emt 0:00:14]} Ba5 {[%emt 0:00:24]} 59. Kd1 {[%emt 0:00:31]} Kb4 {[%emt 0:00:28]} 60. Kc1 {[%emt 0:00:19]} Kxa4 {[%emt 0:00:21]} 61. Kb2 {[%emt 0:00:04]} Bb6 {[%emt 0:00:11]} 62. Be6 {[%emt 0:00:23]} Kb4 {[%emt 0:00:11]} 63. Bf5 {[%emt 0:00:17]} Bxf2 {[%emt 0:00:07]} 64. Be6 {[%emt 0:00:03]} Bd4+ {[%emt 0:00:05]} 65. Kc1 {[%emt 0:00:04]} Kc3 {[%emt 0:00:07]} 66. Bf5 {[%emt 0:00:23]} b2+ {[%emt 0:00:07]} 67. Kb1 {[%emt 0:00:09]} Kd2 {[%emt 0:00:08]} 0-1

[Event "WJCC U20 Open 2019"]
[Site "New Delhi"]
[Date "2019.10.23"]
[Round "9.38"]
[White "Jablonicky, Martin"]
[Black "Li, William"]
[Result "0-1"]
[WhiteElo "2333"]
[BlackElo "2161"]
[Annotator "TA"]
[PlyCount "60"]
[EventDate "2019.10.15"]
[EventType "swiss"]
[EventCountry "IND"]
[SourceTitle "playchess.com"]
[Source "ChessBase"]
[SourceQuality "1"]

{[%evp 23,76,-13,-8,-15,-4,-60,-68,-82,9,11,9,1,8,0,0,-8,-15,-2,0,-40,22,0,0,0,0,0,0,-86,-81,-80,-28,-184,-177,-285,-278,-565,-308,-452,-444,-454,-444,-479,-479,-479,-468,-479,-479,-479,-470,-710,-693,-702,-697,-700,-689]} 1. Nf3 c5 2. g3 Nc6 3. Bg2 g6 4. O-O Bg7 5. d3 e5 6. c4 Nge7 7. Nc3 O-O 8. a3 d6 9. Rb1 a5 10. Ne1 Be6 11. Nc2 d5 12. cxd5 Nxd5 13. Bd2 {A37: Symmetrical English vs ...g6: 4 Bg2 Bg7 5 Nf3} (13. Ne3 Nde7 14. Nc4 Rb8 15. Bg5 f6 16. Be3 b6 17. Qa4 Nd4 18. Bxd4 exd4 19. Nb5 Nd5 20. b4 axb4 21. axb4 Nxb4 22. Rxb4 cxb4 {0-1 (30) Gledura,B (2630)-Grandelius,N (2694) Skopje 2019}) 13... Nd4 14. Ne3 (14. Bxd5 $11 Bxd5 15. Nxd5 Qxd5 16. e4) 14... Nxe3 $15 15. fxe3 $146 {[#]Black is slightly better.} ({Predecessor:} 15. Bxe3 Bb3 16. Qd2 Rb8 17. Bh6 b6 18. Bxg7 Kxg7 {½-½ (36) Bodi,T (2207)-Halak,M (2140) Budapest 2016}) 15... Nc6 (15... Nb3 $1 $17) 16. Na4 $11 c4 17. Nc5 Qe7 18. b4 axb4 19. axb4 {[%cal Ba3b4,Bb4b5][%mdl 32]} e4 20. Nxe4 {Threatens to win with b5.} cxd3 21. exd3 {aiming for b5.} Ba2 (21... Ne5 $1 $15) 22. b5 Bxb1 23. Qxb1 Ra1 $36 {[%mdl 2048] White is under pressure.} 24. Qb3 {Black must now prevent Rxa1.} Na5 25. Qc2 (25. Qb4 $11 {remains equal.} Rxf1+ 26. Kxf1 Qxb4 27. Bxb4) 25... Rxf1+ $17 26. Kxf1 Qa3 (26... Ra8 $17 27. Qa2 Qe5) 27. Ke2 $2 (27. Nf2 $11 {and White is okay.}) 27... Nb3 $19 28. Be1 (28. Kf2 {was worth a try.}) 28... Nc1+ 29. Kd2 $2 (29. Kf1 Nxd3 30. Bc3) 29... Rd8 30. Nc5 {[#]} (30. Nf2 $142 Na2 31. Ke2) 30... Bh6 {Played: Qa3xc5} 0-1

[Event "WJCC U20 Open 2019"]
[Site "New Delhi"]
[Date "2019.10.23"]
[Round "9.39"]
[White "Aravena Navarro, Alexis Andres"]
[Black "Rakesh Kumar Jena"]
[Result "0-1"]
[WhiteElo "2023"]
[BlackElo "2355"]
[Annotator "ChessBase"]
[PlyCount "102"]
[EventDate "2019.10.15"]
[EventType "swiss"]
[EventCountry "IND"]
[SourceTitle "playchess.com"]
[Source "ChessBase"]
[SourceQuality "1"]
[TimeControl "40/5400+30:1800+30"]

1. e4 {[%emt 0:00:00]} c5 {[%emt 0:00:00]} 2. Nf3 {[%emt 0:00:00]} e6 {[%emt 0:00:08]} 3. d4 {[%emt 0:00:33]} cxd4 {[%emt 0:00:06]} 4. Nxd4 {[%emt 0:00:03]} Nf6 {[%emt 0:00:05]} 5. Nc3 {[%emt 0:00:21]} Nc6 {[%emt 0:00:07]} 6. g3 {[%emt 0:00:22]} Bb4 {[%emt 0:00:22]} 7. Bg2 {[%emt 0:00:10]} O-O {[%emt 0:01:45]} 8. O-O {[%emt 0:04:14]} a6 {[%emt 0:00:34]} 9. Nxc6 {[%emt 0:02:14]} dxc6 {[%emt 0:04:34]} 10. Qf3 {[%emt 0:00:09]} e5 {[%emt 0:00:34]} 11. h3 {[%emt 0:19:36]} Be6 {[%emt 0:01:00]} 12. Bg5 {[%emt 0:01:08]} h6 {[%emt 0:00:33]} 13. Rad1 {[%emt 0:00:07]} Qe7 {[%emt 0:00:03]} 14. Bc1 {[%emt 0:08:31]} Rad8 {[%emt 0:03:56]} 15. a3 {[%emt 0:00:38]} Bc5 {[%emt 0:10:52]} 16. Rxd8 {[%emt 0:06:15]} Rxd8 {[%emt 0:00:14]} 17. Nd1 {[%emt 0:00:22]} Nh7 {[%emt 0:31:49]} 18. Ne3 {[%emt 0:10:36]} g6 {[%emt 0:14:33]} 19. Ng4 {[%emt 0:07:19]} Ng5 {[%emt 0:00:43]} 20. Qe2 {[%emt 0:16:33]} h5 {[%emt 0:05:07]} 21. Nxe5 {[%emt 0:00:38]} Bxh3 {[%emt 0:00:26]} 22. Nxf7 {[%emt 0:15:07]} Qxf7 {[%emt 0:01:33]} 23. Bxg5 {[%emt 0:00:34]} Bg4 {[%emt 0:00:06]} 24. Qxg4 {[%emt 0:03:41]} hxg4 {[%emt 0:00:21]} 25. Bxd8 {[%emt 0:00:02]} Qc4 {[%emt 0:00:24]} 26. c3 {[%emt 0:00:19]} Qb3 {[%emt 0:00:10]} 27. e5 {[%emt 0:00:32]} Qxb2 {[%emt 0:00:17]} 28. e6 {[%emt 0:00:45]} Qe2 {[%emt 0:00:12]} 29. e7 {[%emt 0:00:10]} Bxa3 {[%emt 0:01:14]} 30. Bb6 {[%emt 0:02:34]} Bxe7 {[%emt 0:00:44]} 31. Be3 {[%emt 0:00:26]} a5 {[%emt 0:00:07]} 32. Rb1 {[%emt 0:00:02]} Qa6 {[%emt 0:01:31]} 33. Rb6 {[%emt 0:00:12]} Qa8 {[%emt 0:00:10]} 34. Bf1 {[%emt 0:00:14]} Bd8 {[%emt 0:00:37]} 35. Bc4+ {[%emt 0:00:05]} Kh7 {[%emt 0:00:07]} 36. Rb1 {[%emt 0:00:20]} b5 {[%emt 0:00:06]} 37. Be6 {[%emt 0:00:51]} Bf6 {[%emt 0:03:47]} 38. Rd1 Qe8 {[%emt 0:01:09]} 39. Rd7+ {[%emt 0:00:45]} Kh8 {[%emt 0:00:08]} 40. Bxg4 {[%emt 0:00:04]} Qe4 {[%emt 0:05:27]} 41. Bh3 {[%emt 0:03:48]} a4 {[%emt 0:05:27]} 42. Rd6 {[%emt 0:05:51]} a3 {[%emt 0:04:30]} 43. Rxf6 {[%emt 0:01:25]} a2 {[%emt 0:00:37]} 44. Bg2 {[%emt 0:00:01]} a1=Q+ {[%emt 0:00:12]} 45. Kh2 {[%emt 0:00:07]} Qe5 {[%emt 0:02:03]} 46. Bd4 {[%emt 0:04:53]} Qh5+ {[%emt 0:00:08]} 47. Bh3 {[%emt 0:00:01]} Kg8 {[%emt 0:00:11]} 48. g4 {[%emt 0:03:41]} Qg5 {[%emt 0:00:50]} 49. Kg3 {[%emt 0:06:50]} Qg1+ {[%emt 0:01:48]} 50. Bg2 {[%emt 0:00:01]} c5 {[%emt 0:00:08]} 51. f4 {[%emt 0:00:24]} Qxg2+ {[%emt 0:00:36]} 0-1

[Event "WJCC U20 Open 2019"]
[Site "New Delhi"]
[Date "2019.10.23"]
[Round "9.40"]
[White "O`Donnell, Conor"]
[Black "Lama, Milan"]
[Result "1-0"]
[WhiteElo "2345"]
[BlackElo "1976"]
[Annotator "ChessBase"]
[PlyCount "103"]
[EventDate "2019.10.15"]
[EventType "swiss"]
[EventCountry "IND"]
[SourceTitle "playchess.com"]
[Source "ChessBase"]
[SourceQuality "1"]
[TimeControl "40/5400+30:1800+30"]

1. e4 {[%emt 0:00:31]} c5 {[%emt 0:00:00]} 2. Nf3 {[%emt 0:00:19]} g6 {[%emt 0:00:00]} 3. d4 {[%emt 0:00:32]} cxd4 {[%emt 0:00:00]} 4. Nxd4 {[%emt 0:00:07]} Bg7 {[%emt 0:00:03]} 5. c4 {[%emt 0:01:04]} Nc6 {[%emt 0:00:12]} 6. Be3 {[%emt 0:00:17]} Nf6 {[%emt 0:00:52]} 7. Nc3 {[%emt 0:00:19]} d6 {[%emt 0:00:12]} 8. Be2 {[%emt 0:00:40]} O-O {[%emt 0:02:04]} 9. O-O {[%emt 0:00:23]} Bd7 {[%emt 0:08:08]} 10. Nc2 {[%emt 0:00:13]} a5 {[%emt 0:01:17]} 11. f4 {[%emt 0:07:48]} a4 {[%emt 0:03:25]} 12. c5 {[%emt 0:02:45]} dxc5 {[%emt 0:05:26]} 13. e5 {[%emt 0:01:48]} Ne8 {[%emt 0:00:18]} 14. Bxc5 {[%emt 0:01:06]} Nc7 {[%emt 0:04:13]} 15. Rc1 {[%emt 0:15:04]} Be6 {[%emt 0:11:34]} 16. Bf3 {[%emt 0:05:20]} Bc4 {[%emt 0:10:23]} 17. Rf2 {[%emt 0:06:28]} Ne6 {[%emt 0:05:56]} 18. Qxd8 {[%emt 0:09:38]} Rfxd8 {[%emt 0:00:17]} 19. Bb6 {[%emt 0:01:20]} Rd7 {[%emt 0:11:09]} 20. Ne3 {[%emt 0:09:02]} Bd3 {[%emt 0:16:59]} 21. Rd1 {[%emt 0:14:17]} Ra6 {[%emt 0:00:43]} 22. Ned5 {[%emt 0:02:33]} Nxf4 {[%emt 0:07:19]} 23. Nxf4 {[%emt 0:01:44]} Rxb6 {[%emt 0:01:31]} 24. Bxc6 {[%emt 0:03:16]} Rxc6 {[%emt 0:01:35]} 25. Rxd3 {[%emt 0:00:34]} Rxd3 {[%emt 0:01:15]} 26. Nxd3 {[%emt 0:00:03]} a3 {[%emt 0:06:23]} 27. Nd5 {[%emt 0:02:10]} Re6 {[%emt 0:00:48]} 28. bxa3 {[%emt 0:04:13]} Bxe5 {[%emt 0:00:08]} 29. Nxe5 {[%emt 0:01:03]} Rxe5 {[%emt 0:00:06]} 30. Nc3 {[%emt 0:00:31]} Rc5 {[%emt 0:00:40]} 31. Rc2 {[%emt 0:00:36]} f5 {[%emt 0:00:30]} 32. Kf2 {[%emt 0:00:32]} Kf7 {[%emt 0:00:17]} 33. Ke3 {[%emt 0:00:30]} e5 {[%emt 0:00:24]} 34. Kd3 {[%emt 0:01:05]} Ke6 {[%emt 0:00:52]} 35. Rb2 {[%emt 0:01:05]} Rc7 {[%emt 0:00:58]} 36. Rb6+ {[%emt 0:00:39]} Kf7 {[%emt 0:01:07]} 37. Nd5 {[%emt 0:02:36]} Rd7 {[%emt 0:00:51]} 38. Kc4 {[%emt 0:00:03]} Kg7 {[%emt 0:00:26]} 39. Kc5 {[%emt 0:02:41]} Kh6 {[%emt 0:00:24]} 40. a4 {[%emt 0:01:18]} Kg5 {[%emt 0:00:19]} 41. a5 {[%emt 0:32:35]} f4 {[%emt 0:02:33]} 42. Rd6 {[%emt 0:00:00]} Rf7 {[%emt 0:00:47]} 43. Re6 {[%emt 0:00:00]} Kf5 {[%emt 0:00:35]} 44. Kd6 {[%emt 0:00:00]} Ke4 {[%emt 0:04:42]} 45. Rxe5+ {[%emt 0:00:00]} Kd4 {[%emt 0:00:05]} 46. Ke6 {[%emt 0:00:00]} Rf8 {[%emt 0:00:46]} 47. Nf6 {[%emt 0:00:00]} Ra8 {[%emt 0:01:55]} 48. Re4+ {[%emt 0:00:00]} Kd3 {[%emt 0:00:07]} 49. Rxf4 {[%emt 0:00:00]} Rxa5 {[%emt 0:00:15]} 50. Rf2 {[%emt 0:00:00]} h6 {[%emt 0:00:31]} 51. Kf7 {[%emt 0:00:00]} Rg5 {[%emt 0:01:21]} 52. Kg7 {[%emt 0:00:00]} 1-0

[Event "WJCC U20 Open 2019"]
[Site "New Delhi"]
[Date "2019.10.23"]
[Round "9.41"]
[White "Mohd Saprin, Amir Ghaazi"]
[Black "Flores Quillas, Diego Saul Rodri"]
[Result "0-1"]
[WhiteElo "1942"]
[BlackElo "2164"]
[Annotator "ChessBase"]
[PlyCount "110"]
[EventDate "2019.10.15"]
[EventType "swiss"]
[EventCountry "IND"]
[SourceTitle "playchess.com"]
[Source "ChessBase"]
[SourceQuality "1"]
[TimeControl "40/5400+30:1800+30"]

1. Nf3 {[%emt 0:00:55]} c5 {[%emt 0:00:00]} 2. c4 {[%emt 0:00:21]} Nc6 {[%emt 0:00:00]} 3. Nc3 {[%emt 0:00:07]} g6 {[%emt 0:00:00]} 4. g3 {[%emt 0:00:07]} Bg7 {[%emt 0:00:00]} 5. Bg2 {[%emt 0:00:04]} e6 {[%emt 0:00:00]} 6. d3 {[%emt 0:00:13]} Nge7 {[%emt 0:00:34]} 7. Bd2 {[%emt 0:00:48]} O-O {[%emt 0:00:42]} 8. Qc1 {[%emt 0:00:25]} d5 {[%emt 0:01:22]} 9. O-O {[%emt 0:00:53]} b6 {[%emt 0:01:45]} 10. Bh6 {[%emt 0:01:14]} d4 {[%emt 0:01:57]} 11. Bxg7 {[%emt 0:01:01]} Kxg7 {[%emt 0:00:08]} 12. Na4 {[%emt 0:00:08]} Bd7 {[%emt 0:07:28]} 13. Qd1 {[%emt 0:05:31]} Qc7 {[%emt 0:03:06]} 14. a3 {[%emt 0:04:17]} a5 {[%emt 0:00:13]} 15. Rb1 {[%emt 0:00:37]} e5 {[%emt 0:03:33]} 16. e3 {[%emt 0:19:22]} Nf5 {[%emt 0:09:32]} 17. exd4 {[%emt 0:05:49]} exd4 {[%emt 0:00:17]} 18. Ng5 {[%emt 0:10:53]} Rae8 {[%emt 0:04:43]} 19. Nh3 {[%emt 0:00:42]} Ne5 {[%emt 0:23:12]} 20. Nf4 {[%emt 0:02:53]} Qd6 {[%emt 0:04:42]} 21. b3 {[%emt 0:11:33]} Bc6 {[%emt 0:12:52]} 22. Nd5 Rb8 {[%emt 0:00:06]} 23. Re1 {[%emt 0:08:54]} Rfe8 {[%emt 0:00:17]} 24. Be4 {[%emt 0:12:28]} Bxd5 {[%emt 0:07:28]} 25. Bxd5 {[%emt 0:01:54]} Re7 {[%emt 0:00:54]} 26. Bg2 {[%emt 0:02:56]} Rbe8 {[%emt 0:00:09]} 27. Qd2 {[%emt 0:00:29]} h5 {[%emt 0:01:36]} 28. Re4 {[%emt 0:02:16]} h4 {[%emt 0:02:11]} 29. Rbe1 {[%emt 0:01:14]} h3 {[%emt 0:00:05]} 30. Bh1 {[%emt 0:01:22]} Qf6 {[%emt 0:00:46]} 31. Nb2 {[%emt 0:01:39]} Nd6 {[%emt 0:00:16]} 32. f4 {[%emt 0:03:54]} Nxe4 {[%emt 0:04:05]} 33. dxe4 {[%emt 0:00:04]} Ng4 {[%emt 0:00:04]} 34. Nd3 {[%emt 0:01:12]} Ne3 {[%emt 0:00:59]} 35. Nf2 {[%emt 0:00:08]} Qe6 {[%emt 0:01:39]} 36. Qd3 {[%emt 0:00:55]} a4 {[%emt 0:00:25]} 37. Nd1 {[%emt 0:00:35]} Nxd1 {[%emt 0:04:36]} 38. Rxd1 {[%emt 0:00:10]} axb3 {[%emt 0:04:44]} 39. Qxb3 {[%emt 0:00:13]} b5 {[%emt 0:01:02]} 40. Qxb5 {[%emt 0:00:40]} Qg4 {[%emt 0:00:13]} 41. Rd2 {[%emt 0:30:55]} Rxe4 {[%emt 0:05:33]} 42. Bxe4 {[%emt 0:00:00]} Rxe4 {[%emt 0:00:05]} 43. Qb1 {[%emt 0:00:00]} Re2 44. Rxe2 {[%emt 0:00:00]} Qxe2 {[%emt 0:02:13]} 45. Qf1 {[%emt 0:00:00]} Qe3+ {[%emt 0:00:09]} 46. Qf2 {[%emt 0:00:00]} Qxa3 {[%emt 0:00:05]} 47. Qe2 {[%emt 0:00:00]} Qa8 {[%emt 0:04:33]} 48. Qf1 {[%emt 0:00:00]} Qe4 {[%emt 0:01:51]} 49. Qxh3 {[%emt 0:00:00]} Qe3+ {[%emt 0:00:05]} 50. Kf1 {[%emt 0:00:00]} d3 {[%emt 0:00:15]} 51. Qg4 {[%emt 0:00:49]} Qc1+ {[%emt 0:00:06]} 52. Kg2 {[%emt 0:00:43]} Qc2+ {[%emt 0:00:46]} 53. Kh3 {[%emt 0:00:50]} d2 {[%emt 0:00:09]} 54. Qe2 {[%emt 0:00:57]} d1=Q {[%emt 0:00:28]} 55. Qe5+ {[%emt 0:00:03]} Kh7 {[%emt 0:00:06]} 0-1

[Event "WJCC U20 Open 2019"]
[Site "New Delhi"]
[Date "2019.10.23"]
[Round "9.42"]
[White "Vatsal Singhania"]
[Black "Hamad Essam"]
[Result "1-0"]
[WhiteElo "2157"]
[BlackElo "1849"]
[Annotator "RC"]
[PlyCount "77"]
[EventDate "2019.10.15"]
[EventType "swiss"]
[EventCountry "IND"]
[SourceTitle "playchess.com"]
[Source "ChessBase"]
[SourceQuality "1"]
[TimeControl "40/5400+30:1800+30"]

1. e4 {[%emt 0:00:00]} c5 {[%emt 0:00:00]} 2. Nf3 {[%emt 0:00:00]} e6 {[%emt 0:00:00]} 3. d4 {[%emt 0:00:00]} cxd4 {[%emt 0:00:00]} 4. Nxd4 {[%emt 0:00:00]} Nf6 {[%emt 0:00:00]} 5. Nc3 {[%emt 0:00:00]} Nc6 {[%emt 0:00:00]} 6. Ndb5 {[%emt 0:00:00]} Bb4 {[%emt 0:00:00]} 7. a3 {[%emt 0:00:02]} Bxc3+ {[%emt 0:00:03]} 8. Nxc3 {[%emt 0:00:06]} d5 {[%emt 0:00:04]} 9. exd5 {[%emt 0:00:09]} exd5 {[%emt 0:00:18]} 10. Bd3 {[%emt 0:00:06]} d4 {[%emt 0:01:14]} 11. Ne2 {[%emt 0:00:07]} O-O {[%emt 0:01:14]} 12. O-O {[%emt 0:00:06]} Qb6 {[%emt 0:05:23]} 13. Bg5 {[%emt 0:06:11]} Ng4 {[%emt 0:00:59]} 14. Bf4 {[%emt 0:10:21]} Rd8 {[%emt 0:05:42]} 15. b4 {[%emt 0:03:36]} Be6 {[%emt 0:03:53]} 16. Ng3 {[%emt 0:01:39]} Nce5 {[%emt 0:10:48]} 17. Bxe5 {[%emt 0:02:56]} Nxe5 {[%emt 0:00:08]} 18. Bxh7+ {[%emt 0:00:06]} Kxh7 {[%emt 0:00:39]} 19. Qh5+ {[%emt 0:00:13]} Kg8 {[%emt 0:00:06]} 20. Qxe5 {[%emt 0:00:05]} Rd5 {[%emt 0:01:03]} 21. Qe4 {[%emt 0:00:19]} a5 {[%emt 0:01:11]} 22. bxa5 {[%emt 0:02:52]} Rdxa5 {[%emt 0:02:26]} 23. Rad1 {[%emt 0:05:26]} Rd8 {[%emt 0:08:28]} 24. Qh4 {[%emt 0:19:16]} Rxa3 {[%emt 0:03:25]} 25. Rb1 {[%emt 0:01:48]} Qa5 {[%emt 0:01:43]} 26. Rxb7 {[%emt 0:00:22]} Ra1 {[%emt 0:01:34]} 27. Rb5 {[%emt 0:02:21]} Rxf1+ {[%emt 0:03:23]} 28. Nxf1 {[%emt 0:00:04]} Qxb5 {[%emt 0:00:23]} 29. Qxd8+ {[%emt 0:00:06]} Kh7 {[%emt 0:00:03]} 30. Qxd4 {[%emt 0:00:06]} Qb1 {[%emt 0:00:23]} 31. Qd3+ {[%emt 0:08:48]} g6 {[%emt 0:01:08]} 32. f3 {[%emt 0:01:36]} Bf5 {[%emt 0:08:00]} 33. Qb3 {[%emt 0:00:06]} Qxc2 {[%emt 0:00:19]} 34. Qxf7+ {[%emt 0:00:10]} Kh6 {[%emt 0:01:00]} 35. Qf8+ {[%emt 0:00:04]} Kh7 {[%emt 0:00:25]} 36. Qe7+ {[%emt 0:00:04]} Kh6 {[%emt 0:01:22]} 37. g4 {[%emt 0:09:07]} Bd3 {[%emt 0:00:17]} 38. h4 {[%emt 0:00:27]} Qc5+ {[%emt 0:01:13]} 39. Qxc5 {[%emt 0:00:08]} 1-0